|
|
|
|
| LEADER |
00000nam0a2200000 4500 |
| 001 |
174051 |
| 005 |
20231031164601.0 |
| 035 |
|
|
|a (RuTPU)RU\TPU\book\188749
|
| 090 |
|
|
|a 174051
|
| 100 |
|
|
|a 20100118d1905 m y0rusy50 ca
|
| 101 |
0 |
|
|a rus
|
| 102 |
|
|
|a RU
|
| 105 |
|
|
|a y z 001zy
|
| 200 |
1 |
|
|a Lexikon der Kohlenstoff-Verbindungen
|e supplement III
|f M. M. Richter
|
| 210 |
|
|
|a Hamburg
|c Verlag von Leopold Voss
|d 1905
|
| 215 |
|
|
|a 579 с.
|
| 320 |
|
|
|a Register: p. 577-579.
|
| 610 |
1 |
|
|a химия
|
| 610 |
1 |
|
|a неорганическая химия
|
| 610 |
1 |
|
|a химическая технология
|
| 610 |
1 |
|
|a углерод
|
| 610 |
1 |
|
|a углеродистые соединения
|
| 610 |
1 |
|
|a глоссарий
|
| 610 |
1 |
|
|a справочные издания
|
| 610 |
1 |
|
|a немецкий язык
|
| 675 |
|
|
|a 546.26(035)
|v 3
|
| 675 |
|
|
|a 661.666(035)
|v 3
|
| 700 |
|
1 |
|a Richter
|b M. M.
|
| 801 |
|
1 |
|a RU
|b 63413507
|c 20100118
|
| 801 |
|
2 |
|a RU
|b 63413507
|c 20100412
|g RCR
|
| 942 |
|
|
|c BK
|